|
|
|
|
| LEADER |
01199nam a2200313 a 4500 |
| 001 |
38778 |
| 003 |
BD-DhAAL |
| 005 |
20220615120421.0 |
| 008 |
220615t1991 nyua bd 000 0 eng d |
| 999 |
|
|
|c 44382
|d 44382
|
| 010 |
|
|
|a 91055446
|
| 020 |
|
|
|a 0062715437 :
|c $25.00 ($33.50 Canada)
|
| 020 |
|
|
|a 0064610365 (pbk.)
|
| 040 |
|
|
|a DLC
|c DLC
|d DLC
|d BD-DhAAL
|
| 050 |
0 |
0 |
|a HM17
|b .J37 1991
|
| 082 |
0 |
0 |
|a 301.03
|2 20
|
| 100 |
1 |
|
|a Jary, David.
|9 49362
|
| 245 |
1 |
4 |
|a The HarperCollins dictionary of sociology /
|c David Jary and Julia Jary.
|
| 260 |
|
|
|a New York :
|b HarperPerennial,
|c c1991.
|
| 300 |
|
|
|a v, 601 pages :
|b illustrations ;
|c 22 cm.
|
| 490 |
|
|
|a HarperCollins Dictionary series
|
| 504 |
|
|
|a Includes bibliographical references (pages 562-601).
|
| 541 |
|
|
|a Donated By Akbar Ali Khan
|e 38778
|
| 650 |
|
0 |
|a Sociology
|v Dictionaries.
|9 49363
|
| 700 |
1 |
|
|a Jary, Julia.
|9 49364
|
| 830 |
|
|
|a HarperCollins Dictionary series
|9 49365
|
| 852 |
|
|
|a Ayesha Abed Library
|c Akbar Ali Khan Collection
|
| 942 |
|
|
|2 ddc
|c BK
|
| 952 |
|
|
|0 0
|1 0
|2 ddc
|4 0
|6 301_030000000000000_JAR
|7 1
|9 70912
|a BRACUL
|b BRACUL
|c AAKC
|d 2022-06-15
|e Donated by Akbar Ali Khan
|l 0
|o 301.03 JAR
|p 3010038778
|r 2022-06-15
|t 1
|w 2022-06-15
|y BK
|